Football Teams Robert Lewandowski Played For - Statistics

General Stats
  • This quiz has been taken 130 times
  • The average score is 5 of 6
Answer Stats
League Years Team % Correct
Spain 2022- FC Barcelona
98%
Germany 2014-2022 FC Bayern München
98%
Germany 2010-2014 Borussia Dortmund
96%
Poland 2008-2010 Lech Poznań
79%
Poland 2005-2006 Legia Warszawa II
71%
Poland 2006-2008 Znicz Pruszków
48%
No matching quizzes found
Score Distribution
Percent of People with Each Score
Percentile by Number Answered
Your Score History
You have not taken this quiz